Exploring Our World : (Record no. 7266)

MARC details
000 -LEADER
fixed length control field 00591nam a22001937a 4500
003 - CONTROL NUMBER IDENTIFIER
control field OSt
005 - DATE AND TIME OF LATEST TRANSACTION
control field 20260112031727.0
008 - FIXED-LENGTH DATA ELEMENTS--GENERAL INFORMATION
fixed length control field 260112b |||||||| |||| 00| 0 eng d
020 ## - INTERNATIONAL STANDARD BOOK NUMBER
International Standard Book Number 0695278606
040 ## - CATALOGING SOURCE
Original cataloging agency DWCL - Main
Transcribing agency OC
082 ## - DEWEY DECIMAL CLASSIFICATION NUMBER
Classification number GR 372.83 Y9 1980
100 ## - MAIN ENTRY--PERSONAL NAME
Personal name Yohe, Ralph Sandlin
Relator term Author
245 ## - TITLE STATEMENT
Title Exploring Our World :
Remainder of title Eastern Hemisphere /
Statement of responsibility, etc. Ralph Sandlin Yohe
260 ## - PUBLICATION, DISTRIBUTION, ETC.
Place of publication, distribution, etc. U.S.A.:
Name of publisher, distributor, etc. Follett Publishing Company,
Date of publication, distribution, etc. c1980
300 ## - PHYSICAL DESCRIPTION
Extent 480 p.:
Other physical details ill.;
Dimensions 26 cm.
504 ## - BIBLIOGRAPHY, ETC. NOTE
Bibliography, etc. note Includes appendix, glossary, and index.
650 ## - SUBJECT ADDED ENTRY--TOPICAL TERM
Topical term or geographic name entry element 1. Social Studies.
942 ## - ADDED ENTRY ELEMENTS (KOHA)
Source of classification or shelving scheme Dewey Decimal Classification
Koha item type General Reference
Suppress in OPAC No
952 ## - LOCATION AND ITEM INFORMATION (KOHA)
--
952 ## - LOCATION AND ITEM INFORMATION (KOHA)
--
952 ## - LOCATION AND ITEM INFORMATION (KOHA)
--
952 ## - LOCATION AND ITEM INFORMATION (KOHA)
--
952 ## - LOCATION AND ITEM INFORMATION (KOHA)
--
952 ## - LOCATION AND ITEM INFORMATION (KOHA)
--
Holdings
Withdrawn status Lost status Source of classification or shelving scheme Damaged status Not for loan Home library Current library Shelving location Date acquired Source of acquisition Total Checkouts Full call number Barcode Date last seen Copy number Price effective from Koha item type Uniform Resource Identifier
    Dewey Decimal Classification     Junior High School Library Junior High School Library General Reference 09/22/2005 Library Fund   GR. 372.83 Y9 1980 JHS - 12612 01/12/2026 c24 01/12/2026 GR
    Dewey Decimal Classification     Junior High School Library Junior High School Library General Reference 09/22/2005 Library Fund   GR. 372.83 Y9 1980 JHS - 12613 01/12/2026 c25 01/12/2026 GR
    Dewey Decimal Classification     Junior High School Library Junior High School Library General Reference 09/22/2005 Library Fund   GR. 372.83 Y9 1980 JHS - 12614 01/12/2026 c26 01/12/2026 GR
    Dewey Decimal Classification     Junior High School Library Junior High School Library General Reference 09/22/2005 Library Fund   GR. 372.83 Y9 1980 JHS - 12615 01/12/2026 c27 01/12/2026 GR
    Dewey Decimal Classification     Junior High School Library Junior High School Library General Reference 09/22/2005 Library Fund   GR. 372.83 Y9 1980 JHS - 12616 01/12/2026 c28 01/12/2026 GR
    Dewey Decimal Classification     Junior High School Library Junior High School Library General Reference 09/22/2005 Library Fund   GR. 372.83 Y9 1980 JHS - 12617 01/12/2026 c29 01/12/2026 GR